000 00705nam a22001937a 4500
003 OSt
005 20150130143926.0
008 150110b xxu||||| |||| 00| 0 eng d
040 _cBMC
082 _a972.8423
245 0 0 _aCultura hispánica
_b: [órgano de divulgación del Instituto Salvadoreño de Cultura Hispánica]
_credactores, Guillermo Antonio Cortes y Luis Gallegos Váldes
260 _aSan Salvador
_bInstituto Salvadoreño de Cultura Hispánica
_c1967
300 _a142 p.
_c19 cm
505 _tTít. tomado de la cub.
651 2 4 _aSan Salvador (El Salvador)
_xDescripción
_99442
700 1 _99390
_aGallegos Valdés, Luis
700 1 _930073
_aCortes, Guillermo Antonio
942 _2ddc
_cBK
999 _c17250
_d17250